Las máquinas agrícolas y su aplicación
Gorde:
| Egile nagusia: | |
|---|---|
| Formatua: | Liburua |
| Hizkuntza: | gaztelania |
| Argitaratua: |
Madrid
Mundi-Prensa
1993
|
| Edizioa: | 4a. ed |
| Gaiak: | |
| Etiketak: |
Etiketa erantsi
Etiketarik gabe, Izan zaitez lehena erregistro honi etiketa jartzen!
|
MARC
| LEADER | 00000cam a2200000 a 4500 | ||
|---|---|---|---|
| 001 | UCD2411 | ||
| 003 | CL-VaPUC | ||
| 008 | 160428e19930000sp |||||||||||||||||spa|d | ||
| 020 | |a 8471144182 | ||
| 082 | 0 | 4 | |a 631.3 |b ORT |2 21 |
| 100 | |a Ortiz-Cañavate, Jaime |e autor |9 585758 | ||
| 245 | 1 | 4 | |a Las máquinas agrícolas y su aplicación |
| 250 | |a 4a. ed | ||
| 300 | |a 467 p | ||
| 942 | |c BK | ||
| 945 | |d 20160428 21:50:00 |a cmena | ||
| 260 | |a Madrid |b Mundi-Prensa |c 1993 | ||
| 650 | 7 | |a MAQUINARIA AGRICOLA |2 CL-VaPUC |9 264357 | |
| 650 | 0 | |a Máquinas herramientas |9 262583 | |
| 583 | |a last modification |c 20160428 21:50:00 |k Rodrigo Vera | ||
| 999 | |c 363573 |d 363571 | ||
| 952 | |0 0 |1 0 |3 erb |4 0 |6 631_300000000000000_ORT_1993 |7 0 |8 A |9 476036 |a BIBAGR |b BIBAGR |i 5283108 |o 631.3 ORT 1993 |p 5283108 |r 2025-01-20 |w 2019-11-24 |y BK |z Catalogado en:20160428 |k AGR | ||